000
00234nam a2200085Ia 4500
008
220204s9999 xx 000 0 und d
245
0
_a
Indian customs tariff. 29th and 30th issues
260
_a
Delhi
_b
Manager of Publications
942
_c
BK
999
_c
19902
_d
19902